| 000 | 01066nam0a22002531 4500 | ||
|---|---|---|---|
| 001 | rc\2640383 | ||
| 005 | 20250529185555.0 | ||
| 035 | _a(NLR Aleph) 006948373 | ||
| 090 |
_a5222278 _c5222278 |
||
| 100 | _a20110604d1932 |||y0rusy50 ca | ||
| 101 | 0 | _arus | |
| 102 | _aRU | ||
| 105 | _ay z ||||| | ||
| 200 | 1 |
_aТехнология литейного дела _fТезисы доклада проф. Нагорова [и др. докладов] _g1-я парт.-техн. конф-ция Балт. завода. Металлургич. секция |
|
| 210 |
_aЛенинград _cПартком Балтзавода _d1932 _gтип. "Мол. гвардия" |
||
| 215 |
_a9 с. _d23х16 см |
||
| 300 | _aБез тит. л. и обл. | ||
| 702 | 0 |
_aНагоров _4570 |
|
| 710 | 0 | 2 |
_aБалтийский завод им. С. Орджоникидзе _bПартийно-техническая конференция _cЛенинград _d1 _f1932 |
| 801 | 0 |
_aRU _bNLR _gpsbo |
|
| 801 | 1 |
_aRU _bELAR _2rusmarc |
|
| 852 |
_aNLR _j32-11/816 |
||
| 942 | _cBOOK | ||
| 980 | _aNB | ||